[Event "AUTO-OPEN-681"]
[Site "http://www.queenalice.com/game.php?id=218895"]
[Date "2007.5.31"]
[Round "1"]
[White "lay_rj"]
[Black "reginaldox"]
[Result "0-1"]
[WhiteElo "1487"]
[BlackElo "1690"]

1. d4 d5 2. Nf3 g6 3. e3 Bg7 4. g3 Bg4 5. Be2 Nf6 6. O-O Bh3 7. Re1 Qd7 8. Ng5
h6 9. Nxh3 Qxh3 10. c3 h5 11. Bf1 Qd7 12. Qb3 b6 13. Bb5 c6 14. Bd3 O-O 15. e4
dxe4 16. Bxe4 Nxe4 17. Rxe4 Qd5 18. Qxd5 cxd5 19. Rxe7 Nc6 20. Rc7 Rfc8 21. Bf4
Rxc7 22. Bxc7 Rc8 23. Bf4 Re8 24. Nd2 Kh7 25. Nf3 f6 26. Re1 Rxe1+ 27. Nxe1 g5
28. Be3 Kg6 29. Nf3 Ne7 30. a4 Nc6 31. b3 Na5 32. Nd2 Bf8 33. c4 dxc4 34. Nxc4
Nxb3 35. Nb2 Bg7 36. d5 f5 37. d6 Bxb2 38. d7 Bf6 39. f4 g4 40. h4 Nc5 41. Kf1
Nxd7 42. Ke1 Nc5 43. Kd1 Nxa4 44. Bd2 Bc3 45. Bc1 Kf6 46. Kc2 Be1 47. Kb3 Nc5+
48. Kc4 Bxg3 0-1

[Event "Sure. =)"]
[Site "http://www.queenalice.com/game.php?id=220427"]
[Date "2007.6.3"]
[Round "-"]
[White "lay_rj"]
[Black "Tlaloc2k"]
[Result "1-0"]
[WhiteElo "1454"]
[BlackElo "1518"]

1. e4 e5 2. Nf3 Nc6 3. d4 d6 4. d5 Nce7 5. Bg5 f6 6. Bh4 g5 7. Nxg5 Nh6 8. Qh5+
Ng6 9. Ne6 Bxe6 10. dxe6 Qe7 11. Bc4 O-O-O 12. Nc3 Nf4 13. Qf3 Rg8 14. g3 Rg4
15. O-O-O Bg7 16. Nd5 Nxd5 17. exd5 e4 18. Qb3 Nf5 19. h3 Bh6+ 20. f4 e3 21.
hxg4 Nxh4 22. Rxh4 Bf8 23. Qxe3 h6 24. b3 Kb8 25. g5 fxg5 26. fxg5 a6 27. gxh6
Qf6 28. h7 Bg7 29. Rdh1 Qb2+ 30. Kd1 Bd4 31. Rxd4 Qa1+ 32. Qc1 Qxd4+ 33. Qd2 Qe4
34. Qh6 b5 35. h8=Q Qf3+ 36. Kc1 Rxh8 37. Qxh8+ Kb7 38. e7 Qe3+ 39. Kb1 Qxe7 40.
Rh7 1-0

[Event "Uma com o branco..."]
[Site "http://www.queenalice.com/game.php?id=225490"]
[Date "2007.6.15"]
[Round "-"]
[White "lay_rj"]
[Black "juleba"]
[Result "1-0"]
[WhiteElo "1468"]
[BlackElo "1379"]

1. e4 c5 2. d4 e6 3. Nf3 Nc6 4. d5 exd5 5. exd5 Nb8 6. Bc4 Bd6 7. Bg5 Ne7 8. Nc3
h6 9. Nb5 O-O 10. Nxd6 hxg5 11. Nxc8 Qxc8 12. Nxg5 d6 13. Qh5 Qf5 14. Bd3 g6 15.
Qh7# 1-0

[Event "... e uma com o preto!"]
[Site "http://www.queenalice.com/game.php?id=225492"]
[Date "2007.6.15"]
[Round "-"]
[White "juleba"]
[Black "lay_rj"]
[Result "1-0"]
[WhiteElo "1388"]
[BlackElo "1468"]

1. d4 d5 2. c4 dxc4 3. e4 e5 4. Bxc4 Qxd4 5. Qb3 Qxe4+ 6. Ne2 Nh6 7. Bxh6 Qxg2
8. Ng3 Bc5 9. Bxf7+ Kf8 10. Bxg7+ Kxg7 11. Nh5+ Kh6 12. Rf1 Rf8 13. Nd2 Bh3 14.
O-O-O Bg4 15. Rg1 Qh3 16. f3 Bxh5 17. Rg3 Qxh2 18. Qe6+ Bg6 19. Rxg6+ Kh5 20.
Rh6+ Kg5 21. Rxh2 Kf4 22. Rh4+ Kg5 23. Rh5+ Kf4 24. Qxe5# 1-0

[Event "Jogo de volta... ;)"]
[Site "http://www.queenalice.com/game.php?id=225493"]
[Date "2007.6.15"]
[Round "-"]
[White "rodrigofortes"]
[Black "lay_rj"]
[Result "0-1"]
[WhiteElo "1465"]
[BlackElo "1469"]

1. d4 d5 2. Nf3 Nf6 3. Nc3 Nc6 4. Ne5 Nxe5 5. dxe5 Ne4 6. Nb5 e6 7. Qd4 Bc5 8.
Qa4 Bxf2+ 9. Kd1 Qd7 10. e3 a6 11. Nxc7+ Kf8 12. Qxd7 Bxd7 13. Nxa8 g6 14. b3
Kg7 15. Nb6 Bc6 16. Bd3 Nc3+ 17. Kd2 Ne4+ 18. Ke2 Bh4 19. g3 Bg5 20. h4 Bd8 21.
Bxe4 dxe4 22. Nc4 Bb5 23. a4 Bxc4+ 24. bxc4 Ba5 25. Bd2 Bc7 26. c5 Rd8 27. Bc3
Rd5 28. Bd4 Bxe5 29. Bxe5+ Rxe5 30. g4 Rxc5 31. h5 Rxc2+ 32. Kd1 Rg2 33. Rh4
Rg1+ 34. Kc2 Rxa1 35. Kb3 b5 36. axb5 axb5 37. Rh3 f5 38. hxg6 hxg6 39. Rg3 Rb1+
40. Kc2 Rf1 41. Rg2 b4 42. Rd2 Rf3 43. Re2 Kf6 44. gxf5 exf5 45. Kb3 f4 46. Kxb4
Rxe3 47. Ra2 f3 48. Ra6+ Kf5 49. Ra2 Re2 50. Ra5+ Kf4 51. Ra8 f2 52. Rf8+ Ke3
53. Kc4 Re1 54. Kd5 f1=Q 55. Rxf1 Rxf1 56. Ke5 Rg1 57. Ke6 Kf3 58. Ke5 e3 59.
Ke6 e2 60. Kf6 g5 61. Kf5 e1=Q 62. Kg6 Kf4 63. Kh5 Kf5 64. Kh6 Qe7 65. Kh5 Qh7#
0-1

[Event "Let's Play Chess!"]
[Site "http://www.queenalice.com/game.php?id=247771"]
[Date "2007.7.29"]
[Round "-"]
[White "lay_rj"]
[Black "dghost"]
[Result "0-1"]
[WhiteElo "1453"]
[BlackElo "1432"]

1. e4 e5 2. Nf3 Nc6 3. d4 Bd6 4. d5 Nce7 5. Nc3 c6 6. g3 Nf6 7. Bc4 b5 8. dxc6
dxc6 9. Bb3 O-O 10. O-O Ba6 11. Ne2 Nc8 12. a4 Nb6 13. axb5 Bxb5 14. Bg5 h6 15.
Bxf6 Qxf6 16. Kg2 Rfd8 17. c4 Nxc4 18. Nc3 Nxb2 19. Qd2 Nc4 20. Bxc4 Bxc4 21.
Rfc1 Bb4 22. Qb2 Bxc3 23. Qxc3 Be2 24. Nxe5 Bb5 25. f4 Qd6 26. Qb3 Qd2+ 27. Kg1
Qd4+ 28. Kg2 Qxe4+ 29. Kg1 Qd4+ 30. Kg2 Qd5+ 31. Kg1 Qxb3 0-1

[Event "Challenge"]
[Site "http://www.queenalice.com/game.php?id=249362"]
[Date "2007.8.1"]
[Round "-"]
[White "lay_rj"]
[Black "dany"]
[Result "1-0"]
[WhiteElo "1456"]
[BlackElo "1238"]

1. d4 d5 2. Nf3 Nc6 3. Nc3 Bf5 4. Bf4 e6 5. e3 Nf6 6. Bb5 a6 7. Bxc6+ bxc6 8.
Ne5 Rb8 9. Nxc6 Qd7 10. Nxb8 Qd8 11. Nxa6 h6 12. Qe2 Qe7 13. Bxc7 Qd7 14. Nb5 g5
15. c4 dxc4 16. Qxc4 Ke7 17. Nb8 Qd5 18. Bd6+ Ke8 19. Nc7+ Kd8 20. Nxd5 Nxd5 21.
Qc6 Bxd6 22. Qd7# 1-0

[Event "Let's Play Chess!"]
[Site "http://www.queenalice.com/game.php?id=249371"]
[Date "2007.8.2"]
[Round "-"]
[White "lay_rj"]
[Black "rmchacal"]
[Result "1-0"]
[WhiteElo "1438"]
[BlackElo "1527"]

1. e4 e5 2. Nf3 Nc6 3. d4 exd4 4. Nxd4 Bc5 5. Be3 Nf6 6. Qd3 Nxd4 7. Bxd4 Bxd4
8. Qxd4 O-O 9. Nc3 d6 10. Bd3 Re8 11. O-O c6 12. g3 b5 13. a4 c5 14. Qe3 b4 15.
Nd5 Nxd5 16. Qf3 Nf6 17. Rfe1 Bg4 18. Qf4 d5 19. e5 Bh3 20. e6 1-0

[Event "Challenge"]
[Site "http://www.queenalice.com/game.php?id=252619"]
[Date "2007.8.8"]
[Round "-"]
[White "lay_rj"]
[Black "toomlee"]
[Result "0-1"]
[WhiteElo "1479"]
[BlackElo "1220"]

1. d4 d5 2. Nc3 Nc6 3. e4 dxe4 4. d5 Na5 5. Nxe4 e5 6. Nf3 Nf6 7. Bd3 Qxd5 8.
Nxf6+ gxf6 9. O-O Bd7 10. b3 Rg8 11. g3 Bg4 12. c4 Qc6 13. Qd2 Qxf3 14. Qxa5 Bh3
15. Qb5+ c6 16. Be4 Qxe4 17. f3 Qd4+ 18. Rf2 Qd1+ 19. Rf1 Qxf1# 0-1

[Event "AUTO-INT-571"]
[Site "http://www.queenalice.com/game.php?id=254079"]
[Date "2007.8.10"]
[Round "1"]
[White "lay_rj"]
[Black "adotti"]
[Result "1-0"]
[WhiteElo "1497"]
[BlackElo "1543"]

1. e4 Nc6 2. d4 d5 3. e5 e6 4. Nf3 Nh6 5. Bb5 Bd7 6. Bxh6 gxh6 7. Nc3 Bb4 8. O-O
f6 9. Qd2 fxe5 10. Nxe5 Qg5 11. Rfd1 O-O-O 12. Nf7 Qxd2 13. Rxd2 Rhf8 14. Nxd8
Kxd8 15. g3 h5 16. Rd3 e5 17. dxe5 Nxe5 18. Re3 Re8 19. Bxd7 Nxd7 20. Rxe8+ Kxe8
21. Nxd5 Ba5 22. b4 Bb6 23. Re1+ Kd8 24. Re6 h4 25. Nf6 Nxf6 26. Rxf6 Bd4 27.
Rh6 hxg3 28. hxg3 c5 29. Rxh7 Kc8 30. bxc5 Bxc5 31. g4 a5 32. g5 Bf8 33. Rh8 Kd7
34. Rxf8 Ke7 35. Rg8 Kf7 36. Rb8 Kg6 37. f4 1-0

[Event "AUTO-INT-571"]
[Site "http://www.queenalice.com/game.php?id=254080"]
[Date "2007.8.10"]
[Round "1"]
[White "adotti"]
[Black "lay_rj"]
[Result "0-1"]
[WhiteElo "1523"]
[BlackElo "1515"]

1. e4 e5 2. Nf3 Nc6 3. Bb5 a6 4. Bc4 Bc5 5. O-O Nd4 6. Nxd4 exd4 7. d3 Nf6 8.
Bg5 d6 9. h3 Be6 10. c3 Bxc4 11. dxc4 Qe7 12. Nd2 Qe5 13. Bxf6 Qxf6 14. b4 Bb6
15. Nf3 c5 16. bxc5 Bxc5 17. cxd4 Bb4 18. e5 dxe5 19. Qa4+ Qc6 20. Qxb4 e4 21.
Ne5 Qc7 22. Rfe1 Qe7 23. Qa4+ b5 24. cxb5 O-O 25. Rxe4 axb5 26. Qxb5 g6 27. a4
f6 28. Qd5+ Kg7 29. Nc6 Qf7 30. Qc5 h5 31. Re7 Kh6 32. Rxf7 Rxf7 33. d5 f5 34.
Qd6 Rg8 35. Ne5 Rfg7 36. a5 h4 37. Qf6 Rh7 0-1

[Event "AUTO-INT-571"]
[Site "http://www.queenalice.com/game.php?id=254081"]
[Date "2007.8.10"]
[Round "1"]
[White "lay_rj"]
[Black "AnnE"]
[Result "0-1"]
[WhiteElo "1465"]
[BlackElo "1515"]

1. e4 e5 2. Nf3 Nc6 3. d4 exd4 4. Nxd4 Bc5 5. Nxc6 Qf6 6. Be3 Bxe3 7. fxe3 Qxc6
8. Nc3 Nf6 9. Qd4 O-O 10. e5 Ne8 11. Bd3 Qxg2 12. O-O-O b6 13. Qe4 Qxe4 14. Bxe4
c6 0-1

[Event "AUTO-INT-571"]
[Site "http://www.queenalice.com/game.php?id=254082"]
[Date "2007.8.10"]
[Round "1"]
[White "AnnE"]
[Black "lay_rj"]
[Result "1-0"]
[WhiteElo "1529"]
[BlackElo "1451"]

1. e4 c5 2. Nf3 e6 3. d4 d5 4. Nc3 Nf6 5. Bg5 Qa5 6. Bxf6 dxe4 7. dxc5 Nd7 8.
Bd4 Bxc5 9. Be2 exf3 10. Bxf3 O-O 11. O-O g6 12. Ne4 b6 13. Nxc5 bxc5 14. Bc3
1-0

[Event "Let's Play Chess!"]
[Site "http://www.queenalice.com/game.php?id=254934"]
[Date "2007.8.13"]
[Round "-"]
[White "lay_rj"]
[Black "tiagohi"]
[Result "1-0"]
[WhiteElo "1485"]
[BlackElo "1395"]

1. e4 e5 2. Bc4 c6 3. Qf3 d5 4. Bd3 d4 5. Bc4 Be6 6. Bxe6 fxe6 7. c3 d3 8. Nh3
Bc5 9. b4 Bb6 10. Ba3 Nd7 11. b5 cxb5 12. O-O Nc5 13. Bb4 Nf6 14. Ng5 a5 15.
Bxc5 Bxc5 16. Nxe6 Qd6 17. Nxg7+ Kf7 18. Nf5 Qc6 19. Qxd3 Rad8 20. Qg3 Qxe4 21.
Qg7+ Ke6 22. Nh6 Rhg8 23. Qf7+ Kd6 24. Qxf6+ Kd5 25. Nxg8 Rxg8 26. Qf7+ Kc6 27.
Qxg8 h5 28. d4 exd4 29. Nd2 Qd3 30. cxd4 Bxd4 31. Nb3 Be5 32. Rac1+ Kb6 33. Qc8
1-0

[Event "AUTO-INT-571"]
[Site "http://www.queenalice.com/game.php?id=338067"]
[Date "2008.1.17"]
[Round "2"]
[White "lay_rj"]
[Black "tayron"]
[Result "0-1"]
[WhiteElo "1533"]
[BlackElo "1355"]

1. e4 c5 2. Bc4 e6 3. Nf3 Nc6 4. e5 Nge7 5. d4 cxd4 6. Nxd4 Qa5+ 7. Nc3 Nxe5 8.
O-O Nxc4 9. Ndb5 d5 10. g3 Bd7 11. Nd4 Nc6 0-1

[Event "AUTO-INT-571"]
[Site "http://www.queenalice.com/game.php?id=338068"]
[Date "2008.1.17"]
[Round "2"]
[White "tayron"]
[Black "lay_rj"]
[Result "1-0"]
[WhiteElo "1330"]
[BlackElo "1558"]

1. d4 e5 2. dxe5 Nc6 3. Nf3 Qe7 4. Nc3 Nxe5 5. e3 d6 6. Nd5 Nxf3+ 7. Qxf3 Nf6 8.
Nxf6+ gxf6 9. Bc4 Be6 10. Bxe6 fxe6 11. Qh5+ Qf7 12. Qxf7+ 1-0